[Event "103rd Marshall Chess Club Championship"]
[Site "ChessKast.com"]
[Date "2019.11.14"]
[Round "1"]
[White "IM KASSA KORLEY"]
[Black "GM IRINA KRUSH"]
[Result "1/2-1/2"]
[WhiteElo "2433"]
[BlackElo "2424"]
[PlyCount "93"]
[EventDate "2019.??.??"]

1. d4 d5 2. Nf3 Nf6 3. e3 c5 4. a3 cxd4 5. exd4 Nc6 6. Bd3 Bg4 7. c3 e6 8. h3
Bh5 9. O-O Qc7 10. Be3 Bd6 11. Nbd2 O-O 12. Re1 Rab8 13. Qb1 Bg6 14. Bxg6 hxg6
15. a4 a6 16. Qd3 Rfc8 17. Rec1 Na5 18. b3 b5 19. axb5 axb5 20. Qf1 Qd8 21. Bg5
b4 22. c4 dxc4 23. bxc4 b3 24. Rcb1 Rb4 25. Ne5 Qc7 26. Nd3 Rb7 27. Ra4 Nc6 28.
Be3 Rcb8 29. Qd1 Qd7 30. Rxb3 Rxb3 31. Nxb3 Ne4 32. Ra1 Bc7 33. Nbc5 Nxc5 34.
Nxc5 Qe7 35. Na6 Rd8 36. Nxc7 Qxc7 37. Qg4 Na5 38. c5 Nc6 39. Bg5 Rxd4 40. Ra8+
Kh7 41. f4 Nb8 42. Qh4+ Kg8 43. Be7 Qb7 44. Bd6 Qxa8 45. Qd8+ Kh7 46. Qh4+ Kg8
47. Qd8+ 1/2-1/2

[Event "103rd Marshall Chess Club Championship"]
[Site "ChessKast.com"]
[Date "2019.11.14"]
[Round "1"]
[White "GM OLIVER AQUINO BARBOSA"]
[Black "IM RAVEN M STURT"]
[Result "0-1"]
[WhiteElo "2532"]
[BlackElo "2470"]
[PlyCount "106"]
[EventDate "2019.??.??"]

1. Nf3 Nf6 2. c4 e6 3. g3 b6 4. Bg2 Bb7 5. O-O Be7 6. b3 O-O 7. Bb2 c5 8. e3
Qc7 9. Nc3 a6 10. Qe2 d6 11. Rac1 Nbd7 12. e4 Rfe8 13. d3 Rad8 14. h3 Nb8 15.
Nh2 Nc6 16. f4 Nd4 17. Qf2 Nd7 18. Nd1 Qb8 19. h4 b5 20. Ne3 Bf8 21. g4 Nb6 22.
f5 d5 23. fxe6 fxe6 24. cxb5 axb5 25. e5 b4 26. g5 Ba6 27. Rcd1 Nd7 28. Nhg4
Nxe5 29. h5 Nxd3 30. Qf7+ Kh8 31. h6 Ne5 32. Qh5 Ne2+ 33. Kf2 d4 34. Ke1 Nd3+
35. Rxd3 Bxd3 36. Rf3 Nf4 37. Qh2 Nxg2+ 38. Qxg2 e5 39. Nf5 Bxf5 40. Rxf5 Qa8
41. Rf3 Qxa2 42. Qc2 Qa8 43. Qf5 Qc8 44. Qe4 Rd7 45. g6 gxh6 46. Nf6 Rg7 47.
Nxh7 Be7 48. Bc1 Qe6 49. Bxh6 Rxg6 50. Ng5 Rxg5 51. Bxg5 Bxg5 52. Rg3 Qh6 53.
Ke2 c4 0-1

[Event "103rd Marshall Chess Club Championship"]
[Site "ChessKast.com"]
[Date "2019.11.14"]
[Round "1"]
[White "IM HANS MOKE NIEMANN"]
[Black "GM DJURABEK KHAMRAKULOV"]
[Result "0-1"]
[WhiteElo "2439"]
[BlackElo "2515"]
[PlyCount "90"]
[EventDate "2019.??.??"]

1. d4 Nf6 2. c4 e6 3. Nf3 d5 4. g3 dxc4 5. Qa4+ Nbd7 6. Bg2 a6 7. Ne5 Be7 8.
O-O O-O 9. Nxc4 c5 10. dxc5 Bxc5 11. Be3 Bxe3 12. Nxe3 Rb8 13. Nd2 b5 14. Qa3
b4 15. Qa4 Nc5 16. Qc2 Bb7 17. Bxb7 Rxb7 18. Nb3 Nce4 19. Rad1 Qb6 20. Rd4 Rc7
21. Qd3 Nc5 22. Nxc5 Rxc5 23. Rd1 a5 24. Rd6 Qc7 25. Rd8 h5 26. Rd4 Rc8 27. Kg2
g6 28. b3 Qb7+ 29. Kg1 Rc3 30. Qd2 Ne4 31. Rd8+ Kh7 32. Qd4 Rxd8 33. Qxd8 Rc8
34. Qxa5 Nc3 35. Rd2 Nxe2+ 36. Kf1 Qf3 37. Nc4 Nc3 38. Kg1 Ne2+ 39. Kf1 Nc3 40.
Kg1 Ne4 41. Rb2 h4 42. gxh4 Rc5 43. Qa7 Kg7 44. h3 Qxh3 45. Re2 Qxh4 0-1

[Event "103rd Marshall Chess Club Championship"]
[Site "ChessKast.com"]
[Date "2019.11.14"]
[Round "1"]
[White "GM LEONID G YUDASIN"]
[Black "GM MARK PARAGUA"]
[Result "1/2-1/2"]
[WhiteElo "2507"]
[BlackElo "2496"]
[PlyCount "95"]
[EventDate "2019.??.??"]

1. e4 c5 2. Nf3 e6 3. b3 a6 4. g3 Nc6 5. Bg2 d5 6. exd5 exd5 7. O-O Nf6 8. d4
Be7 9. Bb2 O-O 10. Nbd2 Bg4 11. h3 Bh5 12. dxc5 Bxc5 13. g4 Bg6 14. Nh4 Re8 15.
Nxg6 hxg6 16. c4 d4 17. Qf3 Qa5 18. Rfd1 Bb4 19. Nf1 Rad8 20. a3 Bc3 21. b4 Qe5
22. Rab1 Bxb2 23. Rxb2 d3 24. Rbd2 Qg5 25. Kh1 Rd4 26. Rxd3 Ne5 27. Rxd4 Nxf3
28. Bxf3 Qh4 29. Kg2 Nh7 30. Bd5 Ng5 31. R1d3 Re2 32. Rf4 Ne6 33. Bxe6 Rxe6 34.
Ne3 Qg5 35. Rfd4 Kh7 36. c5 Qe5 37. Nc4 Qc7 38. Ne3 Qc6+ 39. Kg3 g5 40. Rd7 Qe4
41. R3d4 Qb1 42. Rd1 Qa2 43. R7d3 a5 44. bxa5 Qb2 45. Kg2 Qb5 46. Rd5 Qxa5 47.
c6 Qc7 48. cxb7 1/2-1/2

[Event "103rd Marshall Chess Club Championship"]
[Site "ChessKast.com"]
[Date "2019.11.14"]
[Round "2"]
[White "GM DJURABEK KHAMRAKULOV"]
[Black "GM IRINA KRUSH"]
[Result "1/2-1/2"]
[WhiteElo "2515"]
[BlackElo "2424"]
[PlyCount "63"]
[EventDate "2019.??.??"]

1. e4 c5 2. c3 Nf6 3. e5 Nd5 4. Nf3 Nc6 5. d4 cxd4 6. cxd4 d6 7. Bc4 dxe5 8.
dxe5 Ndb4 9. Qxd8+ Nxd8 10. Na3 Be6 11. O-O g6 12. Rd1 Bg7 13. b3 O-O 14. Bb2
Nbc6 15. Be2 f6 16. Nb5 Rc8 17. exf6 Bxf6 18. Bxf6 exf6 19. Nd6 Rc7 20. Rac1 a6
21. Kf1 Rd7 22. Ne4 Rxd1+ 23. Rxd1 Kf7 24. Nc5 Ke7 25. Nd4 Bc8 26. Nxc6+ Nxc6
27. Bf3 Rd8 28. Rc1 Rd2 29. Nxa6 Rxa2 30. Bxc6 bxa6 31. Ba4 Bf5 32. Rc3 1/2-1/2

[Event "103rd Marshall Chess Club Championship"]
[Site "ChessKast.com"]
[Date "2019.11.14"]
[Round "2"]
[White "GM HEDINN STEINGRIMSSON"]
[Black "IM KASSA KORLEY"]
[Result "1-0"]
[WhiteElo "2548"]
[BlackElo "2433"]
[PlyCount "63"]
[EventDate "2019.??.??"]

1. d4 d5 2. c4 e6 3. Nc3 Nf6 4. cxd5 exd5 5. Bg5 c6 6. e3 Bd6 7. Bd3 O-O 8.
Nge2 h6 9. Bh4 Re8 10. h3 Nbd7 11. Qc2 Nf8 12. O-O-O b5 13. Kb1 a5 14. e4 b4
15. Bxf6 Qxf6 16. e5 Qxf2 17. Rdf1 Qh4 18. Na4 b3 19. Qxc6 bxa2+ 20. Ka1 Bd7
21. Qxd5 Bxe5 22. Rxf7 Be6 23. Rxf8+ Kxf8 24. Qxe5 Bf7 25. Qc5+ Kg8 26. Nb6
Rad8 27. Rf1 Re7 28. Nc4 Bg6 29. Bxg6 Rxe2 30. Ne5 Re1+ 31. Rxe1 Qxe1+ 32. Kxa2
1-0

[Event "103rd Marshall Chess Club Championship"]
[Site "ChessKast.com"]
[Date "2019.11.14"]
[Round "2"]
[White "GM MARK PARAGUA"]
[Black "GM OLIVER AQUINO BARBOSA"]
[Result "1/2-1/2"]
[WhiteElo "2496"]
[BlackElo "2532"]
[PlyCount "62"]
[EventDate "2019.??.??"]

1. c4 c6 2. Nf3 d5 3. g3 Nf6 4. Bg2 g6 5. b3 Bg7 6. Bb2 O-O 7. O-O Bg4 8. d4
Nbd7 9. h3 Bxf3 10. Bxf3 e6 11. Nd2 Qe7 12. Qc2 Rac8 13. Rac1 Rfd8 14. e3 Qe8
15. cxd5 cxd5 16. Qb1 Nb8 17. Be2 Rxc1 18. Rxc1 Rc8 19. Nf3 Rxc1+ 20. Qxc1 Qc6
21. Kf1 Nfd7 22. Qxc6 Nxc6 23. Ne1 Bf8 24. Nd3 Nb4 25. Nxb4 Bxb4 26. Bb5 Nb8
27. Ke2 Kf8 28. g4 g5 29. f4 h6 30. Bd3 Nc6 31. Kf3 Ke7 1/2-1/2

[Event "103rd Marshall Chess Club Championship"]
[Site "ChessKast.com"]
[Date "2019.11.14"]
[Round "2"]
[White "IM HANS MOKE NIEMANN"]
[Black "GM LEONID G YUDASIN"]
[Result "1-0"]
[WhiteElo "2439"]
[BlackElo "2507"]
[PlyCount "55"]
[EventDate "2019.??.??"]

1. d4 Nf6 2. c4 e6 3. Nf3 b6 4. g3 Bb7 5. Bg2 Be7 6. O-O d5 7. cxd5 exd5 8.
Qa4+ c6 9. Nc3 O-O 10. Ne5 a5 11. Bf4 b5 12. Qc2 Na6 13. Rad1 Nc7 14. e4 Rc8
15. Bh3 Ne6 16. exd5 cxd5 17. Bxe6 fxe6 18. Qe2 b4 19. Na4 Bc6 20. Nxc6 Rxc6
21. Rc1 Qd7 22. Rxc6 Qxc6 23. Rc1 Qxa4 24. Qxe6+ Rf7 25. Rc7 Qd1+ 26. Kg2 Qxd4
27. Rc8+ Bf8 28. Rxf8+ 1-0

[Event "103rd Marshall Chess Club Championship"]
[Site "ChessKast.com"]
[Date "2019.11.15"]
[Round "3"]
[White "IM KASSA KORLEY"]
[Black "IM RAVEN M STURT"]
[Result "1-0"]
[WhiteElo "2433"]
[BlackElo "2470"]
[PlyCount "91"]
[EventDate "2019.??.??"]

1. d4 f5 2. Nc3 Nf6 3. Bg5 d5 4. e3 e6 5. Nf3 Be7 6. Bf4 a6 7. h3 c5 8. g4 c4
9. g5 Nfd7 10. h4 Nc6 11. a4 Bb4 12. Bg2 Qe7 13. O-O O-O 14. Ne2 b6 15. b3 cxb3
16. cxb3 Bb7 17. Nc1 Bc3 18. Rb1 Rfc8 19. Na2 Nb4 20. Qe2 Nxa2 21. Qxa2 a5 22.
Rfc1 Ba6 23. Bf1 Bxf1 24. Kxf1 Qe8 25. Qe2 e5 26. Nxe5 Nxe5 27. Bxe5 Rc6 28.
Qd3 Rac8 29. Qxf5 Bb4 30. Rxc6 Qxc6 31. Kg2 Rf8 32. Qd3 Qe6 33. f3 Rc8 34. Rb2
Rc3 35. Qe2 h6 36. Rc2 Rxb3 37. gxh6 Qg6+ 38. Kh2 Qxh6 39. Rc8+ Bf8 40. Qf2
Rxe3 41. Qg3 Rd3 42. Qg4 Rd2+ 43. Kh3 Rf2 44. Qf5 g5 45. Qxg5+ Kh7 46. Rc7+ 1-0

[Event "103rd Marshall Chess Club Championship"]
[Site "ChessKast.com"]
[Date "2019.11.15"]
[Round "3"]
[White "GM IRINA KRUSH"]
[Black "GM HEDINN STEINGRIMSSON"]
[Result "1-0"]
[WhiteElo "2424"]
[BlackElo "2548"]
[PlyCount "85"]
[EventDate "2019.??.??"]

1. d4 Nf6 2. Nf3 e6 3. e3 d5 4. Bd3 c5 5. b3 Nc6 6. O-O cxd4 7. exd4 Nb4 8. Be2
Be7 9. a3 Nc6 10. Bd3 O-O 11. Nbd2 a6 12. Bb2 b5 13. c3 Rb8 14. Qe2 Qb6 15.
Rae1 a5 16. b4 Ne8 17. Nb3 Nd6 18. Nc5 Nc4 19. Bc1 Qd8 20. Ne5 N6xe5 21. dxe5
Bxc5 22. bxc5 f5 23. exf6 Qxf6 24. Qc2 h6 25. Bxc4 bxc4 26. Be3 Rb3 27. Bd4 Qf5
28. Qc1 Rf7 29. Re5 Qf4 30. Qc2 a4 31. g3 Qg4 32. Qc1 Qg6 33. Rfe1 Kh7 34. Kg2
Rfb7 35. h4 Rb1 36. Qf4 Qf6 37. Qxf6 gxf6 38. Rxe6 Bxe6 39. Rxe6 R1b3 40. c6
Rc7 41. Rxf6 Rxa3 42. h5 Rb3 43. Rf8 1-0

[Event "103rd Marshall Chess Club Championship"]
[Site "ChessKast.com"]
[Date "2019.11.15"]
[Round "3"]
[White "GM LEONID G YUDASIN"]
[Black "GM DJURABEK KHAMRAKULOV"]
[Result "1/2-1/2"]
[WhiteElo "2507"]
[BlackElo "2515"]
[PlyCount "70"]
[EventDate "2019.??.??"]

1. e4 c6 2. d4 d5 3. exd5 cxd5 4. Bd3 Nc6 5. c3 Nf6 6. Bf4 Bg4 7. Qb3 e5 8.
dxe5 Nh5 9. Be3 Nxe5 10. Bb5+ Nc6 11. Be2 Bxe2 12. Nxe2 Qd7 13. Nd2 Be7 14. Nf3
O-O 15. Rd1 Rfd8 16. O-O Nf6 17. Bg5 Ne4 18. Bxe7 Nxe7 19. Rfe1 Qc7 20. Ng3
Nxg3 21. hxg3 Rd7 22. Re2 h6 23. Nd4 a6 24. Qc2 Rf8 25. Qd3 Qd6 26. Nf5 Nxf5
27. Qxf5 Rfd8 28. Rd4 b5 29. a4 Qc6 30. axb5 axb5 31. Re5 Rd6 32. Qd3 g6 33. g4
Kg7 34. Rb4 d4 35. Rexb5 dxc3 1/2-1/2

[Event "103rd Marshall Chess Club Championship"]
[Site "ChessKast.com"]
[Date "2019.11.15"]
[Round "4"]
[White "GM DJURABEK KHAMRAKULOV"]
[Black "GM HEDINN STEINGRIMSSON"]
[Result "1-0"]
[WhiteElo "2515"]
[BlackElo "2548"]
[PlyCount "71"]
[EventDate "2019.??.??"]

1. e4 c5 2. c3 Nf6 3. e5 Nd5 4. d4 cxd4 5. Nf3 Nc6 6. cxd4 d6 7. Bc4 dxe5 8.
Nxe5 e6 9. O-O Bd6 10. Nf3 O-O 11. Nc3 a6 12. Ne4 b5 13. Bd3 Bb7 14. a3 Ra7 15.
Qc2 h6 16. Be3 Ba8 17. Rad1 Bb8 18. Qc1 Nxe3 19. fxe3 b4 20. Bb1 bxa3 21. bxa3
Qe7 22. Qc2 g6 23. Qc3 f5 24. Nc5 Kh7 25. e4 Rc8 26. Nxe6 Qxe6 27. exf5 Ne7 28.
Ng5+ Kg8 29. Qh3 Qf6 30. Qxh6 Qh8 31. Ba2+ Nd5 32. Qxg6+ Kf8 33. h3 Rc2 34.
Ne6+ Ke7 35. f6+ Kxe6 36. f7+ 1-0

[Event "103rd Marshall Chess Club Championship"]
[Site "ChessKast.com"]
[Date "2019.11.15"]
[Round "4"]
[White "GM LEONID G YUDASIN"]
[Black "GM OLIVER AQUINO BARBOSA"]
[Result "1/2-1/2"]
[WhiteElo "2507"]
[BlackElo "2532"]
[PlyCount "61"]
[EventDate "2019.??.??"]

1. e4 c6 2. d4 d5 3. exd5 cxd5 4. Bd3 Nc6 5. c3 Nf6 6. Bf4 Bg4 7. Qb3 Qc8 8.
Nd2 e6 9. Ngf3 Be7 10. O-O O-O 11. Qc2 Bh5 12. Ne5 Kh8 13. Rae1 Nd7 14. Nxd7
Qxd7 15. Re3 Rac8 16. Qb1 Bg6 17. Bxg6 hxg6 18. Qd1 Bd6 19. Bxd6 Qxd6 20. Nf3
Kg8 21. Qd3 a6 22. h4 Ne7 23. Rfe1 Nf5 24. R3e2 Qd8 25. g3 b5 26. Kg2 Re8 27.
a3 Re7 28. Ne5 Qe8 29. Qf3 a5 30. Nd3 Qd8 31. Qg4 1/2-1/2

[Event "103rd Marshall Chess Club Championship"]
[Site "ChessKast.com"]
[Date "2019.11.15"]
[Round "4"]
[White "IM RAVEN M STURT"]
[Black "GM IRINA KRUSH"]
[Result "1/2-1/2"]
[WhiteElo "2470"]
[BlackElo "2424"]
[PlyCount "103"]
[EventDate "2019.??.??"]

1. e4 c5 2. d4 cxd4 3. c3 Nf6 4. e5 Nd5 5. Nf3 Nc6 6. Bc4 e6 7. cxd4 d6 8. O-O
Be7 9. exd6 Qxd6 10. Nbd2 Nf6 11. Nb3 O-O 12. Qe2 b6 13. Bg5 Bb7 14. Rad1 Nb4
15. a3 Nbd5 16. Ne5 Nd7 17. Bc1 Rac8 18. Bb5 N7f6 19. f4 Nc7 20. Bd3 Qd5 21.
Rf3 g6 22. Bb1 Qb5 23. Rfd3 Be4 24. Nd2 Bxd3 25. Bxd3 Qa4 26. Ndf3 Ncd5 27. Rf1
Rc7 28. Bd2 Qb3 29. Rb1 b5 30. g4 b4 31. f5 exf5 32. gxf5 bxa3 33. bxa3 Qxa3
34. Qg2 Bd8 35. Kh1 Qd6 36. Rg1 Nh5 37. Qg4 Ndf6 38. Qg5 Ne4 39. Qh6 Nf2+ 40.
Kg2 Nxd3 41. Nxd3 Qd7 42. Bb4 Re8 43. Re1 Rc2+ 44. Kg1 Bf6 45. Rxe8+ Qxe8 46.
Nde5 Ng7 47. Ng4 Nh5 48. Qxh5 Rc1+ 49. Kf2 Rc2+ 50. Kg1 Rc1+ 51. Kf2 Rc2+ 52.
Kg1 1/2-1/2

[Event "103rd Marshall Chess Club Championship"]
[Site "ChessKast.com"]
[Date "2019.11.16"]
[Round "5"]
[White "GM IRINA KRUSH"]
[Black "GM MARK PARAGUA"]
[Result "0-1"]
[WhiteElo "2424"]
[BlackElo "2496"]
[PlyCount "118"]
[EventDate "2019.??.??"]

1. d4 Nf6 2. c4 g6 3. Nc3 d5 4. Bg5 Ne4 5. Bh4 c6 6. e3 Qa5 7. cxd5 Nxc3 8. Qd2
e6 9. bxc3 cxd5 10. Nf3 b6 11. Bf6 Rg8 12. Ne5 Nd7 13. Nxd7 Bxd7 14. Bd3 Rc8
15. O-O Qxc3 16. Qe2 Be7 17. Be5 f6 18. Bg3 Qa3 19. e4 dxe4 20. Bxe4 Kf7 21.
Bb7 Rc3 22. Rfe1 Bd6 23. Qd2 Bxg3 24. hxg3 Rd8 25. Qh6 Kg8 26. Rac1 Rxc1 27.
Rxc1 Qd6 28. Qf4 Qxf4 29. gxf4 Be8 30. Bc8 Bf7 31. Rc7 Rxd4 32. Rxa7 Rxf4 33.
Ra8 Kg7 34. Ra7 Kf8 35. Ra8 e5 36. Rb8 Rb4 37. a3 Rb2 38. Ba6+ Be8 39. a4 Ke7
40. a5 Ra2 41. Rb7+ Kf8 42. Rxb6 f5 43. Rf6+ Ke7 44. Re6+ Kxe6 45. Bc4+ Kd6 46.
Bxa2 Kc5 47. a6 Kb6 48. Bc4 Bd7 49. g3 g5 50. f4 gxf4 51. gxf4 e4 52. Kf2 Bc8
53. Kg3 h6 54. Kf2 h5 55. Kg3 Bxa6 56. Be6 Kc5 57. Bxf5 e3 58. Bd7 Bb7 59. f5
h4+ 0-1

[Event "103rd Marshall Chess Club Championship"]
[Site "ChessKast.com"]
[Date "2019.11.16"]
[Round "6"]
[White "GM LEONID G YUDASIN"]
[Black "IM KASSA KORLEY"]
[Result "0-1"]
[WhiteElo "2507"]
[BlackElo "2433"]
[PlyCount "170"]
[EventDate "2019.??.??"]

1. e4 e5 2. Nf3 Nc6 3. Bc4 Nf6 4. d3 Be7 5. O-O O-O 6. Re1 d6 7. a4 Na5 8. Ba2
c5 9. Nbd2 Nc6 10. Nc4 Be6 11. c3 h6 12. h3 Re8 13. Ne3 Bxa2 14. Rxa2 d5 15.
exd5 Nxd5 16. Nc4 Bf6 17. a5 Qd7 18. Qb3 Rad8 19. Ra1 Re6 20. Bd2 a6 21. Be3
Be7 22. Qa3 Nc7 23. Qb3 Nb5 24. Rad1 Qc7 25. Qa2 Bf8 26. Nb6 Rde8 27. Nd2 Nxa5
28. Qxa5 Qxb6 29. Qxb6 Rxb6 30. Ne4 Rc6 31. c4 Nc7 32. f4 exf4 33. Bxf4 Ne6 34.
Be3 Rd8 35. Nc3 Rb6 36. Rd2 Rb3 37. Nd5 Bd6 38. Kf1 Bg3 39. Bf2 Bf4 40. Nxf4
Nxf4 41. Bxc5 Ne6 42. Be3 Rdxd3 43. Rxd3 Rxd3 44. Re2 g5 45. Kf2 h5 46. Rc2 Kg7
47. c5 Rb3 48. Bc1 Rb5 49. c6 Rf5+ 50. Kg1 bxc6 51. Rxc6 Nd4 52. Rc4 Ne2+ 53.
Kh2 Nxc1 54. Rxc1 Rb5 55. Rc2 h4 56. Kg1 a5 57. Kf2 Kg6 58. Ke3 Rb3+ 59. Kd4 a4
60. Ke5 f6+ 61. Ke4 Rg3 62. Rd2 f5+ 63. Ke5 Re3+ 64. Kd4 f4 65. Rc2 Kh5 66. Rf2
Kg6 67. Rc2 Rb3 68. Ke4 Re3+ 69. Kd4 Kf6 70. Rc6+ Re6 71. Rc2 g4 72. hxg4 Kg5
73. Rc8 Rg6 74. Ke5 Kxg4 75. Rc4 Rg5+ 76. Ke4 Rg8 77. Rxa4 Re8+ 78. Kd3 Re3+
79. Kd2 Rg3 80. Ke2 Rxg2+ 81. Kf1 h3 82. Ra8 f3 83. Rg8+ Kf4 84. Rf8+ Ke4 85.
Re8+ Kd5 0-1

[Event "103rd Marshall Chess Club Championship"]
[Site "ChessKast.com"]
[Date "2019.11.16"]
[Round "6"]
[White "GM DJURABEK KHAMRAKULOV"]
[Black "IM RAVEN M STURT"]
[Result "1-0"]
[WhiteElo "2515"]
[BlackElo "2470"]
[PlyCount "77"]
[EventDate "2019.??.??"]

1. e4 d5 2. exd5 Nf6 3. d4 Nxd5 4. Nf3 Bg4 5. Be2 Nc6 6. O-O e6 7. Nc3 Nxc3 8.
bxc3 Be7 9. Be3 Bf6 10. h3 Bf5 11. c4 O-O 12. c3 Qd7 13. Nd2 Rad8 14. Nb3 h6
15. f4 b6 16. Bf3 Bh7 17. Qe2 Ne7 18. g4 Nc8 19. c5 Qa4 20. Rad1 Be7 21. d5
exd5 22. Bxd5 bxc5 23. Nxc5 Qc2 24. Qf3 Qxc3 25. Rc1 Qa3 26. Bb3 Nb6 27. f5 a5
28. Nb7 Rd3 29. Qe4 Rxe3 30. Qxe3 a4 31. Rfe1 axb3 32. Qxe7 Qxa2 33. Rcd1 g5
34. Rd8 Nd7 35. Qxd7 Qa7+ 36. Qd4 Qxb7 37. Rxf8+ Kxf8 38. Qh8+ Bg8 39. Qxh6#
1-0

[Event "103rd Marshall Chess Club Championship"]
[Site "ChessKast.com"]
[Date "2019.11.16"]
[Round "6"]
[White "IM HANS MOKE NIEMANN"]
[Black "GM IRINA KRUSH"]
[Result "1-0"]
[WhiteElo "2439"]
[BlackElo "2424"]
[PlyCount "79"]
[EventDate "2019.??.??"]

1. d4 d6 2. Nf3 Nf6 3. c4 g6 4. g3 Bg7 5. Bg2 O-O 6. O-O c5 7. Nc3 Nc6 8. dxc5
dxc5 9. Be3 Be6 10. Bxc5 Qa5 11. Ba3 Bxc4 12. Nd2 Be6 13. Qa4 Qh5 14. Qb5 Qxb5
15. Nxb5 Rac8 16. Bxc6 Rxc6 17. Bxe7 Re8 18. Ba3 Bh3 19. Rfe1 a6 20. Nd6 Rd8
21. N2c4 b5 22. Nxf7 Rb8 23. Nce5 Rc2 24. Ng5 Bf5 25. Bb4 Rxb2 26. Nc6 Nd5 27.
Nxb8 Nxb4 28. e4 Bg4 29. h3 Be2 30. Rab1 Rxa2 31. Rxb4 Bc3 32. Rxe2 Rxe2 33.
Rb3 Bd4 34. Nc6 Bxf2+ 35. Kf1 Re3 36. Rxe3 Bxe3 37. Ne6 Bb6 38. Ke2 Kf7 39. Nf4
a5 40. Nd5 1-0

[Event "103rd Marshall Chess Club Championship"]
[Site "ChessKast.com"]
[Date "2019.11.16"]
[Round "6"]
[White "GM MARK PARAGUA"]
[Black "GM HEDINN STEINGRIMSSON"]
[Result "1-0"]
[WhiteElo "2496"]
[BlackElo "2548"]
[PlyCount "49"]
[EventDate "2019.??.??"]

1. c4 e5 2. g3 Nf6 3. Bg2 d5 4. cxd5 Nxd5 5. Nc3 Nb6 6. e3 Nc6 7. Nge2 g6 8. d4
exd4 9. exd4 Bg7 10. d5 Ne5 11. O-O Bg4 12. b3 Nf3+ 13. Kh1 Nxh2 14. Kxh2 Bxc3
15. Ba3 Bxa1 16. Qxa1 Kd7 17. Nd4 Qg5 18. Rc1 Rac8 19. Ne6 Qh5+ 20. Kg1 Nxd5
21. Nc5+ Kc6 22. Qf6+ Kb5 23. Qd4 Rhd8 24. Qa4+ Kb6 25. Nd7+ 1-0

[Event "103rd Marshall Chess Club Championship"]
[Site "ChessKast.com"]
[Date "2019.11.17"]
[Round "7"]
[White "IM RAVEN M STURT"]
[Black "GM MARK PARAGUA"]
[Result "1/2-1/2"]
[WhiteElo "2470"]
[BlackElo "2496"]
[PlyCount "91"]
[EventDate "2019.??.??"]

1. d4 Nf6 2. c4 e6 3. Nc3 Bb4 4. Qc2 d5 5. Nf3 c5 6. dxc5 Nc6 7. a3 Bxc5 8. b4
Be7 9. e3 O-O 10. Bb2 dxc4 11. Bxc4 a6 12. O-O b5 13. Bd3 Bb7 14. Ne4 Rc8 15.
Nc5 Bxc5 16. bxc5 h6 17. Rac1 Qe7 18. Qc3 Rfd8 19. Rfd1 Nb8 20. a4 bxa4 21. Ba3
Qc7 22. Qb4 Bxf3 23. gxf3 Qc6 24. Be2 Rd5 25. h4 Nbd7 26. Rxd5 Nxd5 27. Qd4 a5
28. Kh1 h5 29. e4 Nb4 30. f4 Nxc5 31. Bxh5 Nbd3 32. Rc4 Qb5 33. f5 Qb1+ 34. Kh2
Qb8+ 35. Kg1 Nf4 36. Rxc5 Rxc5 37. Bxc5 Nxh5 38. fxe6 fxe6 39. Qxa4 Qd8 40. e5
Kh7 41. Be3 Qd5 42. Qc2+ Kg8 43. Qc8+ Kf7 44. Qc7+ Kg6 45. Qc2+ Kf7 46. Qc7+
1/2-1/2

[Event "103rd Marshall Chess Club Championship"]
[Site "ChessKast.com"]
[Date "2019.11.17"]
[Round "7"]
[White "GM IRINA KRUSH"]
[Black "GM LEONID G YUDASIN"]
[Result "1-0"]
[WhiteElo "2424"]
[BlackElo "2507"]
[PlyCount "41"]
[EventDate "2019.??.??"]

1. d4 Nf6 2. Nf3 e6 3. e3 c5 4. Bd3 Nc6 5. O-O d5 6. b3 Qc7 7. a3 Bd6 8. Bb2
O-O 9. dxc5 Bxc5 10. Nbd2 Rd8 11. c4 dxc4 12. Bxc4 Be7 13. Qe2 a6 14. Rac1 b5
15. Bd3 Bb7 16. Ne4 Nxe4 17. Bxe4 Rac8 18. Ne5 Qb6 19. Qh5 g6 20. Nxg6 fxg6 21.
Bxg6 1-0

[Event "103rd Marshall Chess Club Championship"]
[Site "ChessKast.com"]
[Date "2019.11.17"]
[Round "7"]
[White "GM HEDINN STEINGRIMSSON"]
[Black "IM HANS MOKE NIEMANN"]
[Result "0-1"]
[WhiteElo "2548"]
[BlackElo "2439"]
[PlyCount "131"]
[EventDate "2019.??.??"]

1. Nf3 d5 2. d4 Nf6 3. c4 e6 4. Nc3 a6 5. cxd5 exd5 6. Bg5 Be6 7. e3 Nbd7 8.
Bd3 c6 9. h3 Bd6 10. Bf4 Qb8 11. Qd2 O-O 12. O-O h6 13. Rfe1 Nh5 14. Bxd6 Qxd6
15. Ne2 Rfe8 16. Rac1 g6 17. Nf4 Ng7 18. Nxe6 Nxe6 19. e4 dxe4 20. Bxe4 Nf6 21.
Qxh6 Qf4 22. Qxf4 Nxf4 23. Ne5 Rad8 24. Rcd1 Ne6 25. Kf1 Rxd4 26. Rxd4 Nxd4 27.
Bb1 c5 28. Nc4 Rd8 29. Ne3 b5 30. Rd1 Nd5 31. Nxd5 Rxd5 32. h4 Rh5 33. g3 g5
34. Kg2 gxh4 35. Rh1 h3+ 36. Rxh3 Rxh3 37. Kxh3 c4 38. a3 a5 39. Kg4 b4 40.
axb4 axb4 41. Kf4 c3 42. bxc3 bxc3 43. Ke5 c2 44. Bxc2 Nxc2 45. Kf6 Nb4 46. f3
Nd5+ 47. Ke5 Ne7 48. Kf6 Kf8 49. g4 Ng8+ 50. Kg5 Kg7 51. f4 Ne7 52. Kh4 Kf6 53.
Kg3 Ke6 54. Kh4 Kf6 55. Kg3 Ng8 56. Kh4 Ke6 57. Kg5 Nf6 58. Kh4 Ne4 59. Kh5
Nf6+ 60. Kh4 Nd5 61. Kg3 Kd6 62. Kf3 Nf6 63. g5 Nh5 64. Kg4 Ng7 65. f5 Ke5 66.
f6 0-1

[Event "103rd Marshall Chess Club Championship"]
[Site "ChessKast.com"]
[Date "2019.11.17"]
[Round "7"]
[White "IM KASSA KORLEY"]
[Black "GM OLIVER AQUINO BARBOSA"]
[Result "0-1"]
[WhiteElo "2433"]
[BlackElo "2532"]
[PlyCount "54"]
[EventDate "2019.??.??"]

1. d4 d5 2. c4 e6 3. Nc3 Nf6 4. cxd5 exd5 5. Bg5 Bb4 6. e3 h6 7. Bxf6 Qxf6 8.
a3 Bxc3+ 9. bxc3 O-O 10. Nf3 c5 11. Ne5 Nd7 12. Nxd7 Bxd7 13. Be2 Rac8 14. O-O
Bf5 15. Bf3 Rfd8 16. Qb3 Rc7 17. dxc5 Rxc5 18. Qxb7 Rd7 19. Qb8+ Kh7 20. Rad1
Rxc3 21. Bxd5 Rxa3 22. Qf4 Qg6 23. Bf3 Qe6 24. h4 Re7 25. h5 Be4 26. Rd8 Bxf3
27. Qb8 Bxh5 0-1

[Event "103rd Marshall Chess Club Championship"]
[Site "ChessKast.com"]
[Date "2019.11.18"]
[Round "8"]
[White "GM OLIVER AQUINO BARBOSA"]
[Black "GM IRINA KRUSH"]
[Result "1-0"]
[WhiteElo "2532"]
[BlackElo "2424"]
[PlyCount "73"]
[EventDate "2019.??.??"]

1. c4 c5 2. Nf3 Nc6 3. Nc3 g6 4. e3 Nf6 5. d4 cxd4 6. exd4 d5 7. cxd5 Nxd5 8.
Qb3 Nxc3 9. Bc4 Nd5 10. Bxd5 e6 11. Bxc6+ bxc6 12. O-O f6 13. Be3 Qd5 14. Rfc1
Be7 15. Nd2 Bd7 16. Nc4 Kf7 17. Bf4 g5 18. Bg3 h5 19. h3 h4 20. Bh2 Rhd8 21.
Qd3 Qf5 22. Qe2 Be8 23. Rd1 c5 24. Ne3 Qe4 25. f3 Qb7 26. d5 exd5 27. f4 Kg8
28. Nf5 Bf8 29. fxg5 Qh7 30. Rf1 fxg5 31. Rae1 d4 32. Qd2 Qg6 33. Ne7+ Bxe7 34.
Rxe7 Rd7 35. Qf2 Rxe7 36. Qf8+ Kh7 37. Qxe7+ 1-0

[Event "103rd Marshall Chess Club Championship"]
[Site "ChessKast.com"]
[Date "2019.11.17"]
[Round "8"]
[White "GM LEONID G YUDASIN"]
[Black "GM HEDINN STEINGRIMSSON"]
[Result "1/2-1/2"]
[WhiteElo "2507"]
[BlackElo "2548"]
[PlyCount "61"]
[EventDate "2019.??.??"]

1. c4 c6 2. Nf3 d5 3. cxd5 cxd5 4. d4 Nf6 5. Nc3 Nc6 6. Bf4 Bf5 7. e3 e6 8. Bd3
Bxd3 9. Qxd3 Bd6 10. Bxd6 Qxd6 11. O-O O-O 12. Rfc1 Rfc8 13. h3 h6 14. Nd2 Nd7
15. a3 Nb6 16. Qb5 Qd8 17. Na4 Nxa4 18. Qxa4 Ne7 19. Qb4 b6 20. Qb5 Rxc1+ 21.
Rxc1 Rc8 22. Qf1 Rxc1 23. Qxc1 Qc8 24. Qxc8+ Nxc8 25. Kf1 Kf8 26. Ke2 Ke7 27.
Kd3 Nd6 28. b3 Kd7 29. Nb1 f5 30. Nc3 g5 31. f3 1/2-1/2

[Event "103rd Marshall Chess Club Championship"]
[Site "ChessKast.com"]
[Date "2019.11.17"]
[Round "8"]
[White "IM HANS MOKE NIEMANN"]
[Black "IM RAVEN M STURT"]
[Result "0-1"]
[WhiteElo "2439"]
[BlackElo "2470"]
[PlyCount "102"]
[EventDate "2019.??.??"]

1. d4 d5 2. c4 c6 3. Nf3 Nf6 4. Nc3 dxc4 5. a4 Bf5 6. e3 e6 7. Bxc4 Bb4 8. O-O
Nbd7 9. Qe2 Bg6 10. e4 O-O 11. Bd3 h6 12. e5 Nd5 13. Bxg6 fxg6 14. Nxd5 cxd5
15. Qb5 Qe7 16. a5 a6 17. Qxb7 Nxe5 18. Qxe7 Nxf3+ 19. gxf3 Bxe7 20. Re1 Kf7
21. Bf4 Rfc8 22. Rec1 Bf6 23. Be3 Ke7 24. Kf1 Kd7 25. b4 Rxc1+ 26. Rxc1 Rb8 27.
Rb1 g5 28. Ke2 Be7 29. Bd2 Bd6 30. h3 Kc6 31. Rc1+ Kd7 32. Rb1 Kc6 33. Rc1+ Kb5
34. Be1 Rb7 35. Rc8 Bxb4 36. Bxb4 Kxb4 37. Rc6 Kxa5 38. Rxe6 Kb5 39. Rd6 a5 40.
Rxd5+ Kb4 41. Rc5 a4 42. Rc1 Ra7 43. d5 a3 44. Ke3 a2 45. Ra1 Kb3 46. Ke4 Kb2
47. Rh1 a1=Q 48. Rxa1 Rxa1 49. d6 Rd1 50. Ke5 Kc3 51. Ke6 Kd3 0-1